[Event "Porto San Giorgio Weekend-B 13th"]
[Site "Porto San Giorgio"]
[Date "2010.11.28"]
[Round "6"]
[White "Marchetti, Michael"]
[Black "Faini, Ivano"]
[Result "1/2-1/2"]
[WhiteElo "1618"]
[BlackElo "1674"]
[PlyCount "118"]
[EventDate "2010.11.20"]
[EventType "swiss"]
[EventRounds "6"]
[EventCountry "ITA"]
[SourceTitle "EXT 2024"]
[Source "ChessBase"]
[SourceDate "2023.10.10"]
[SourceVersion "1"]
[SourceVersionDate "2023.10.10"]
[SourceQuality "1"]

1. Nf3 Nf6 2. d4 g6 3. Nc3 Bg7 4. e4 d6 5. Bf4 0-0 6. Qd2 a6 7. Be2 c6 8. Bh6 b5 9. Bxg7 Kxg7 10. Qf4 Nbd7 11. g4 Qa5 12. h4 b4 13. Nd1 Bb7 14. h5 Rh8 15. h6+ Kf8 16. Bc4 d5 17. e5 dxc4 18. exf6 Nxf6 19. Ne5 Qd5 20. Rh3 Qe4+ 21. Qxe4 Nxe4 22. Nxc4 f6 23. Re3 c5 24. dxc5 Nxc5 25. c3 a5 26. f4 Kf7 27. Nf2 Rhd8 28. Rd1 Rxd1+ 29. Kxd1 Rd8+ 30. Ke2 bxc3 31. Rxc3 Ba6 32. Ke3 Nb7 33. Nb6 Nd6 34. Ne4 Nb5 35. Rc2 Bb7 36. Rd2 Rxd2 37. Nxd2 e5 38. Ndc4 exf4+ 39. Kxf4 g5+ 40. Ke3 Kg6 41. Nxa5 Ba6 42. Nac4 Kxh6 43. Nd2 Kg6 44. Kf3 Nc7 45. Nd7 Bc8 46. Nc5 f5 47. gxf5+ Kxf5 48. Kg3 h5 49. Nf3 h4+ 50. Nxh4+ gxh4+ 51. Kxh4 Ke5 52. Kg3 Kd4 53. Nb3+ Kd3 54. Nc5+ Kc2 55. b4 Kb2 56. a4 Kc3 57. b5 Kc4 58. b6 Kxc5 59. bxc7 Kc6 1/2-1/2

[Event "San Severino Marche 12th"]
[Site "San Severino Marche"]
[Date "2010.09.04"]
[Round "2"]
[White "Luzi, Alessandro"]
[Black "Faini, Ivano"]
[Result "1/2-1/2"]
[WhiteElo "1909"]
[BlackElo "1666"]
[PlyCount "62"]
[EventDate "2010.09.03"]
[EventType "swiss"]
[EventRounds "5"]
[EventCountry "ITA"]
[SourceTitle "EXT 2024"]
[Source "ChessBase"]
[SourceDate "2023.10.10"]
[SourceVersion "1"]
[SourceVersionDate "2023.10.10"]
[SourceQuality "1"]

1. e4 d5 2. exd5 Qxd5 3. Nc3 Qa5 4. d4 c6 5. Bd2 Qc7 6. Nf3 Nf6 7. Bd3 Bg4 8. h3 Bh5 9. Qe2 e6 10. 0-0-0 Bb4 11. g4 Bg6 12. Ne5 Bxd3 13. Nxd3 Bxc3 14. Bxc3 Nd5 15. Bd2 Nd7 16. Bg5 b5 17. Nc5 Nxc5 18. dxc5 a5 19. Bh4 0-0 20. Bg3 Qb7 21. h4 b4 22. h5 Nc3 23. Qe3 Nxd1 24. Rxd1 Rfe8 25. h6 f6 26. Rd6 e5 27. Qd3 Ra7 28. Qe4 gxh6 29. Rxf6 Qa6 30. Rd6 Rae7 31. Bh4 Rf7 1/2-1/2

[Event "Senigallia op-A"]
[Site "Senigallia"]
[Date "2010.07.28"]
[Round "4"]
[White "Marozzi, Giovanni"]
[Black "Faini, Ivano"]
[Result "1-0"]
[WhiteElo "1928"]
[BlackElo "1688"]
[PlyCount "125"]
[EventDate "2010.07.25"]
[EventType "swiss"]
[EventRounds "7"]
[EventCountry "ITA"]
[SourceTitle "CBM 137 Extra"]
[Source "ChessBase"]
[SourceDate "2010.09.01"]
[SourceVersion "1"]
[SourceVersionDate "2010.09.01"]
[SourceQuality "1"]

1. e4 d5 2. exd5 Qxd5 3. Nc3 Qa5 4. Bc4 Nf6 5. Nf3 Bf5 6. 0-0 e6 7. d3 c6 8. h3 Bd6 9. Re1 0-0 10. Ne4 Nxe4 11. dxe4 Bg6 12. e5 Be7 13. c3 Qc7 14. Bf4 Nd7 15. Nd4 Qb6 16. Be3 Qxb2 17. Nxe6 Nxe5 18. Nxf8 Bxf8 19. Qb3 Qa3 20. Bf1 b6 21. Qxa3 Bxa3 22. Rad1 Bf5 23. Bc1 Bxc1 24. Rxc1 Ng6 25. Bc4 Kf8 26. g4 Nh4 27. Re3 Bg6 28. Kh2 f5 29. Kg3 f4+ 30. Kxf4 Ng2+ 31. Kg5 Nxe3 32. fxe3 Ke7 33. Kf4 Rd8 34. h4 b5 35. Bb3 a5 36. h5 Be8 37. c4 a4 38. Bc2 h6 39. cxb5 cxb5 40. Bf5 Kf6 41. a3 Rb8 42. Rc7 b4 43. e4 Rb5 44. axb4 Rxb4 45. Ra7 Rb5 46. e5+ Rxe5 47. Ra6+ Re6 48. Rxe6+ Kf7 49. Ra6 Ke7 50. Ke5 Kf8 51. Ra8 Ke7 52. Bc2 Bd7 53. Ra7 Kd8 54. Kd6 Bxg4 55. Ra8+ Bc8 56. Bf5 Ke8 57. Rxc8+ Kf7 58. Ke5 a3 59. Be6+ Ke7 60. Rc7+ Kf8 61. Kd6 g5 62. hxg6 h5 63. g7+ 1-0

[Event "Porto Sant Elpidio op-B 12th"]
[Site "Porto Sant Elpidio"]
[Date "2009.11.29"]
[Round "5"]
[White "Olivieri, Gianni"]
[Black "Faini, Ivano"]
[Result "0-1"]
[WhiteElo "1529"]
[BlackElo "1718"]
[PlyCount "71"]
[EventDate "2009.11.21"]
[EventType "swiss"]
[EventRounds "6"]
[EventCountry "ITA"]
[SourceTitle "EXT 2024"]
[Source "ChessBase"]
[SourceDate "2023.10.10"]
[SourceVersion "1"]
[SourceVersionDate "2023.10.10"]
[SourceQuality "1"]

1. d4 e5 2. e3 exd4 3. exd4 d5 4. Nf3 c6 5. Be2 Nf6 6. Bg5 Bf5 7. c4 Be7 8. cxd5 Qxd5 9. Nc3 Qa5 10. 0-0 Nbd7 11. h3 0-0 12. Bd3 Bxd3 13. Qxd3 Rfe8 14. Bf4 Rad8 15. a3 Nc5 16. Qc2 Ne6 17. b4 Qh5 18. Be5 Nd5 19. Nxd5 Rxd5 20. Rad1 Red8 21. Qe4 Bd6 22. Bg3 Bxg3 23. fxg3 Ng5 24. Qe7 Nxf3+ 25. Rxf3 h6 26. Rdf1 Rf8 27. Qxb7 Rxd4 28. Qxc6 Qe5 29. Qc3 f6 30. Rf5 Qd6 31. Qf3 Qb6 32. Rc5 Qd6 33. Qe3 Rd2 34. Rcf5 Rd8 35. Qxa7 Qxg3 36. R5f3 0-1

[Event "Porto Sant Elpidio op-B 12th"]
[Site "Porto Sant Elpidio"]
[Date "2009.11.22"]
[Round "3"]
[White "Mircoli, Filippo"]
[Black "Faini, Ivano"]
[Result "1/2-1/2"]
[WhiteElo "1746"]
[BlackElo "1718"]
[PlyCount "78"]
[EventDate "2009.11.21"]
[EventType "swiss"]
[EventRounds "6"]
[EventCountry "ITA"]
[SourceTitle "EXT 2024"]
[Source "ChessBase"]
[SourceDate "2023.10.10"]
[SourceVersion "1"]
[SourceVersionDate "2023.10.10"]
[SourceQuality "1"]

1. e4 d5 2. exd5 Qxd5 3. Nc3 Qa5 4. d4 c6 5. Bd2 Qc7 6. Nf3 Nf6 7. Bd3 Bg4 8. h3 Bxf3 9. Qxf3 e6 10. 0-0 Bd6 11. Bg5 Nbd7 12. Ne4 Nxe4 13. Qxe4 Nf6 14. Qf3 Be7 15. c4 h6 16. Bh4 Rd8 17. Qe3 Ng4 18. Qg3 Qxg3 19. Bxg3 Nf6 20. Be5 0-0 21. Rad1 Rd7 22. f4 Rfd8 23. f5 Ne8 24. fxe6 fxe6 25. c5 Bf6 26. Bc4 Re7 27. Bxf6 Nxf6 28. b4 Nd5 29. Rde1 Rde8 30. b5 e5 31. Bxd5+ cxd5 32. Rf5 exd4 33. Rxe7 Rxe7 34. Rxd5 Rc7 35. Kf2 Kf7 36. Rxd4 Rxc5 37. Rd7+ Kf6 38. Rxb7 Rc2+ 39. Kf3 Rxa2 1/2-1/2

[Event "Falconara Marche Estate op-B 3rd"]
[Site "Falconara Marittima"]
[Date "2008.06.??"]
[Round "4"]
[White "Faini, Ivano"]
[Black "Giuberchio, Cesare"]
[Result "0-1"]
[WhiteElo "1719"]
[BlackElo "1986"]
[PlyCount "98"]
[EventDate "2008.06.21"]
[EventType "swiss"]
[EventRounds "4"]
[EventCountry "ITA"]
[SourceTitle "EXT 2010"]
[Source "ChessBase"]
[SourceDate "2010.11.25"]
[SourceVersion "1"]
[SourceVersionDate "2010.11.25"]
[SourceQuality "1"]

1. c4 e5 2. Nc3 Nc6 3. g3 f5 4. Bg2 Nf6 5. d3 Bb4 6. Qc2 0-0 7. Bg5 h6 8. Bxf6 Qxf6 9. a3 Nd4 10. Qd1 Bxc3+ 11. bxc3 Ne6 12. Qd2 Rb8 13. Nh3 g5 14. f3 d6 15. 0-0 f4 16. g4 h5 17. Nf2 c6 18. h3 Nc7 19. Rab1 Be6 20. a4 d5 21. c5 Na6 22. d4 Bf7 23. Rb3 Nc7 24. Qb2 exd4 25. cxd4 Ne6 26. Rd1 Bg6 27. Rd2 Rf7 28. Qc3 Re8 29. a5 Rfe7 30. Kf1 Nc7 31. Nd1 Nb5 32. Qb2 a6 33. Rb4 hxg4 34. fxg4 Be4 35. Bxe4 Rxe4 36. Nf2 Re3 37. Rb3 R3e7 38. Rxb5 axb5 39. Qa2 f3 40. a6 fxe2+ 41. Rxe2 Rxe2 42. Qxe2 Rxe2 43. Kxe2 bxa6 44. h4 Qxf2+ 45. Kxf2 gxh4 46. Kg2 b4 47. g5 b3 48. Kh3 b2 49. Kxh4 b1Q 0-1

[Event "Porto Sant Elpidio op-A 10th"]
[Site "Porto Sant Elpidio"]
[Date "2007.12.02"]
[Round "6"]
[White "Senigagliesi, Eros"]
[Black "Faini, Ivano"]
[Result "1/2-1/2"]
[WhiteElo "1879"]
[BlackElo "1755"]
[PlyCount "52"]
[EventDate "2007.11.24"]
[EventType "swiss"]
[EventRounds "6"]
[EventCountry "ITA"]
[SourceTitle "EXT 2010"]
[Source "ChessBase"]
[SourceDate "2010.11.25"]
[SourceVersion "1"]
[SourceVersionDate "2010.11.25"]
[SourceQuality "1"]

1. e4 d5 2. exd5 Qxd5 3. Nc3 Qa5 4. d4 c6 5. Nf3 Nf6 6. Bd3 Bf5 7. 0-0 Bxd3 8. Qxd3 e6 9. Bf4 Qd8 10. Rfe1 Be7 11. Ne4 Nxe4 12. Rxe4 Nd7 13. Be3 h6 14. Bd2 Nf6 15. Re2 Qc7 16. Qb3 0-0 17. Rae1 Rfe8 18. Ne5 Qb6 19. Qg3 Qxd4 20. Bc3 Qd8 21. Rd2 Bd6 22. Red1 Bxe5 23. Bxe5 Qe7 24. Bd6 Nh5 25. Qf3 Qg5 26. Bc7 Nf6 1/2-1/2

[Event "Cattolica op 2nd"]
[Site "Cattolica"]
[Date "2006.06.13"]
[Round "2"]
[White "Faini, Ivano"]
[Black "Raineri, Valerio"]
[Result "0-1"]
[WhiteElo "1842"]
[BlackElo "2145"]
[PlyCount "50"]
[EventDate "2006.06.12"]
[EventType "swiss"]
[EventRounds "6"]
[EventCountry "ITA"]
[SourceTitle "EXT 2024"]
[Source "ChessBase"]
[SourceDate "2023.10.10"]
[SourceVersion "1"]
[SourceVersionDate "2023.10.10"]
[SourceQuality "1"]

1. e4 e5 2. Nf3 Nc6 3. Bc4 Bc5 4. c3 Qe7 5. d3 Nf6 6. Bb3 d6 7. Nbd2 Ng4 8. Rf1 Be6 9. h3 Nf6 10. Nc4 d5 11. exd5 Nxd5 12. Ne3 Nf4 13. d4 exd4 14. cxd4 0-0-0 15. Qc2 Nxd4 16. Bxe6+ Qxe6 17. Nxd4 Rxd4 18. Bd2 Nxg2+ 19. Ke2 Nf4+ 20. Ke1 Re8 21. Rd1 Re4 22. Qc3 Ng2+ 23. Ke2 Bxe3 24. fxe3 Nxe3 25. Rc1 Nd5+ 0-1

[Event "Cesenatico op 9th"]
[Site "Cesenatico"]
[Date "2004.09.11"]
[Round "8"]
[White "Faini, Ivano"]
[Black "Del Nevo, Claudio"]
[Result "0-1"]
[WhiteElo "1679"]
[BlackElo "1941"]
[PlyCount "156"]
[EventDate "2004.09.04"]
[EventType "swiss"]
[EventRounds "9"]
[EventCountry "ITA"]
[SourceTitle "EXT 2007"]
[Source "ChessBase"]
[SourceDate "2006.11.23"]
[SourceVersion "1"]
[SourceVersionDate "2006.11.23"]
[SourceQuality "1"]

1. e4 d6 2. d4 Nf6 3. Nc3 g6 4. f4 Bg7 5. h3 0-0 6. Bd3 Na6 7. a3 e6 8. Nf3 c6 9. 0-0 Nh5 10. Qe1 Nf6 11. Qh4 Nd7 12. Qxd8 Rxd8 13. Bxa6 bxa6 14. g4 Bb7 15. Be3 Nb6 16. b3 c5 17. Rad1 Rac8 18. dxc5 dxc5 19. Rxd8+ Rxd8 20. e5 Bf8 21. Kf2 Bc6 22. Nd2 c4 23. b4 Na4 24. Nxa4 Bxa4 25. Rc1 Bb5 26. Ne4 a5 27. Nc5 axb4 28. axb4 a6 29. Ke1 Rc8 30. c3 Be7 31. g5 a5 32. Ra1 a4 33. Bd4 Kg7 34. h4 h6 35. Kf2 hxg5 36. fxg5 Rh8 37. Kg3 Rb8 38. Ne4 Bc6 39. Nc5 Rd8 40. Na6 Ra8 41. Bc5 Bxc5 42. Nxc5 Rd8 43. Nxa4 Ra8 44. h5 gxh5 45. Kh4 Rxa4 46. Rc1 Ra2 47. Kxh5 Rh2+ 48. Kg4 Kg6 49. Rf1 Be4 50. Ra1 Bf5+ 51. Kf4 Rh4+ 52. Ke3 Re4+ 53. Kf3 Rxe5 54. Rg1 Rd5 55. Ke3 Rd3+ 56. Kf4 Rxc3 57. b5 Rb3 58. Ke5 Rxb5+ 59. Kd4 Bd3 60. Rh1 Rxg5 61. Rh8 f5 62. Rg8+ Kf6 63. Rf8+ Ke7 64. Rh8 f4 65. Ra8 Rd5+ 66. Kc3 f3 67. Ra2 Be2 68. Ra7+ Rd7 69. Ra1 f2 70. Rh1 f1Q 71. Rh7+ Kd6 72. Rxd7+ Kxd7 73. Kd4 Qf4+ 74. Kc3 Qd6 75. Kb2 e5 76. Kc3 e4 77. Kb2 e3 78. Kc3 Qd2# 0-1

[Event "Cesenatico op 9th"]
[Site "Cesenatico"]
[Date "2004.09.04"]
[Round "1"]
[White "Faini, Ivano"]
[Black "De Andres Gonalons, Fernando"]
[Result "0-1"]
[WhiteElo "1679"]
[BlackElo "2087"]
[PlyCount "94"]
[EventDate "2004.09.04"]
[EventType "swiss"]
[EventRounds "9"]
[EventCountry "ITA"]
[SourceTitle "EXT 2007"]
[Source "ChessBase"]
[SourceDate "2006.11.23"]
[SourceVersion "1"]
[SourceVersionDate "2006.11.23"]
[SourceQuality "1"]

1. e4 e6 2. d4 d5 3. exd5 exd5 4. Bd3 Nc6 5. c3 Bd6 6. Qf3 Nf6 7. h3 Qe7+ 8. Ne2 Ne4 9. Be3 Bd7 10. Nd2 f5 11. Bf4 0-0-0 12. Bxd6 Qxd6 13. 0-0-0 Kb8 14. Bxe4 fxe4 15. Qe3 Rhf8 16. Rdf1 Rde8 17. Nb3 Rf6 18. Kb1 Ref8 19. Nc5 Bf5 20. b4 b6 21. Na4 Bc8 22. b5 Na5 23. Nb2 a6 24. a4 Qa3 25. Nc1 Qxb2+ 26. Kxb2 Nc4+ 27. Kb3 Nxe3 28. Na2 Nxf1 29. Rxf1 Rxf2 30. Rb1 Rxa2 31. Kxa2 e3 32. Kb3 Rf2 33. Kb4 e2 34. Re1 Bf5 35. bxa6 Bd3 36. a7+ Kxa7 37. a5 Rf1 38. Rxe2 Bxe2 39. axb6+ Kxb6 40. g4 Bc4 41. g5 Rb1+ 42. Ka3 Ka5 43. h4 Rb3+ 44. Ka2 Ka4 45. h5 Rb6+ 46. Ka1 Ka3 47. g6 Bd3 0-1